Global investment management survey 2006 (Record no. 107218)

MARC details
000 -LEADER
fixed length control field 01125cam a22002055a 4500
001 - CONTROL NUMBER
control field L138660
008 - FIXED-LENGTH DATA ELEMENTS--GENERAL INFORMATION
fixed length control field 070629s2006 xxkd f s 000 0 eng d
035 ## - SYSTEM CONTROL NUMBER
System control number (Sirsi) u138660
041 0# - LANGUAGE CODE
Language code of text/sound track or separate title eng
050 04 - LIBRARY OF CONGRESS CALL NUMBER
Classification number 306.1 $2 18
110 2# - MAIN ENTRY--CORPORATE NAME
Corporate name or jurisdiction name as entry element PriceWaterhouseCoopers
9 (RLIN) 3793
245 00 - TITLE STATEMENT
Title Global investment management survey 2006
Remainder of title shaping the future
-- connected thinking
260 ## - PUBLICATION, DISTRIBUTION, ETC.
Place of publication, distribution, etc. London
Name of publisher, distributor, etc. PWC
Date of publication, distribution, etc. 2007
300 ## - PHYSICAL DESCRIPTION
Extent 28p.
Dimensions 30cm.
520 ## - SUMMARY, ETC.
Summary, etc. Reports on the survey which canvassed a range of 81 investment management organisations from around the world on six broad topics: Chief Executives' views; distribution and products; investment process; operation management; finance function and management information; and governance, risk and compliance. Major headlines were that Chief Executives were more optimistic about their businesses, talent is in demand, distribution strategies are unclear, outsourcing and offshoring are on the increase and the burden of compliance is rising.
590 ## - LOCAL NOTE (RLIN)
Local note KA
651 #4 - SUBJECT ADDED ENTRY--GEOGRAPHIC NAME
Geographic name International
690 ## - LOCAL SUBJECT ADDED ENTRY--TOPICAL TERM (OCLC, RLIN)
Topical term or geographic name as entry element PROPERTY-COMMERCIAL PROPERTY-COMMERCIAL PROPERTY FINANCE AND INVESTMENT
942 ## - ADDED ENTRY ELEMENTS (KOHA)
Suppress in OPAC 0
Holdings
Withdrawn status Lost status Source of classification or shelving scheme Damaged status Not for loan Home library Current library Shelving location Date acquired Total Checkouts Full call number Barcode Date last seen Copy number Price effective from Koha item type
    Dewey Decimal Classification     London London Books 29/06/2007   F306.1 PRI 138660-1001 06/08/2019 1 06/08/2019 Book